LEADER 01267nam0-22003851i-450 001 990006673660403321 005 20230502125701.0 035 $a000667366 035 $aFED01000667366 035 $a(Aleph)000667366FED01 100 $a20010426d1982----km-y0itay50------ba 101 0 $aita 105 $ay-------001yy 200 1 $a<>ordinamento del mercato del lavoro tra riforma e sperimentazione$el'esperienza della Legge 16 aprile 1981 n. 140 in Campania$fGiuseppe Ferraro, Gennaro Oliviero 210 $aPadova$cCedam$d1982 215 $aXIV, 216 p.$d22 cm 610 0 $aLavoro$adomanda e offerta$aCampania 676 $a344.1 700 1$aFerraro,$bGiuseppe$f<1947- ;$cNapoli>$0313773 701 1$aOliviero,$bGennaro$0249039 801 0$aIT$bUNINA$gRICA$2UNIMARC 901 $aBK 912 $a990006673660403321 952 $aDPR 28-575$b8920$fDEC 952 $aDPR 28-576/B$b9052$fDEC 952 $aDPR 28-576/C$b9053$fDEC 952 $aX A 217$b21957$fFSPBC 952 $aFER344.1A$b052881B$fDECBC 952 $aFER344.1B$b052949B$fDECBC 952 $aFT ECO 76$b15229$fDECBC 959 $aDEC 959 $aFSPBC 959 $aDECBC 996 $aOrdinamento del mercato del lavoro tra riforma e sperimentazione$9617755 997 $aUNINA LEADER 01092nam a22002531i 4500 001 991000156199707536 005 20020917134251.0 008 020917s1913 it |||||||||||||||||ita 035 $ab11967250-39ule_inst 035 $aARCHE-005705$9ExL 040 $aDip.to Filologia Ling. e Lett.$bita$cA.t.i. Arché s.c.r.l. Pandora Sicilia s.r.l. 100 1 $aCrescini, Vincenzo$0157615 245 10$aFiammetta di Giovanni Boccaccio :$bconferenza letta da Vincenzo Crescini nella Sala di Dante in Orsanmichele 260 $aFirenze :$bG. C. Sansoni,$c[1913?] 300 $a38 p. ;$c25 cm 490 0$aLectura Dantis 500 $aIn testa al front.: nel 6. centenario della nascita di Giovanni Boccaccio 600 14$aBoccaccio, Giovanni$xOpere$xFiammetta$yEd. ante 1945 907 $a.b11967250$b28-04-17$c01-04-03 912 $a991000156199707536 945 $aLE008 LLI.S I C 137$g1$i2008000259563$lle008$o-$pE0.00$q-$rn$so $t0$u1$v0$w1$x0$y.i12245847$z01-04-03 996 $aFiammetta di Giovanni Boccaccio$9137253 997 $aUNISALENTO 998 $ale008$b01-04-03$cm$da $e-$fita$git $h0$i1